000 00329nam a2200133Ia 4500
008 240624s9999 xx 000 0 und d
041 _aeng
082 _a658.15 SHA
100 _aSHAH PARESH P
245 _aFINANCIAL MANAGEMENT
260 _c2008
_aNew Delhi
_bWiley India
300 _a491 : p. : cm. ; 26
365 _cRS
_b33.33
999 _c11235
_d11235